000 00356nam a2200145 i 4500
001 bg
100 1 _aPERKOWSKI, Adam
245 0 _aOrganizacja i wykonawstwo robót instalacyjnych.
_nCz.1 /
_cAdam Perkowski.
250 _aWyd.4.
260 _aWarszawa,
_c1973.
040 _cBPK
041 _apol
942 _cKS
008 s pl f |000 0 pol
999 _c482
_d482
856 _uhttp://koha.tu.koszalin.pl/cgi-bin/koha/opac-detail.pl?biblionumber=482
_yKatalog online BPK